Rozvoj vedy a techniky v priemyselných odvetviach zbierka príkladov

Salvato in:
Dettagli Bibliografici
Autore principale: Brziaková, Beata
Ente Autore: Vysoká škola ekonomická v Bratislave. Fakulta ekonomiky a riadenia výrobných odvetví
Altri autori: Füzyová, Ľubica, Karvaš, Jozef
Natura: Libro
Lingua:slovacco
Pubblicazione: Bratislava Vysoká škola ekonomická 1983
Tags: Aggiungi Tag
Nessun Tag, puoi essere il primo ad aggiungerne!!

MARC

LEADER 00000nam a2200000 4500
001 c126962
005 20230116123128.0
041 0 |a slo 
044 |a SK 
245 1 0 |a Rozvoj vedy a techniky v priemyselných odvetviach  |b zbierka príkladov  |c Beata Brziaková, Ľuba Füzyová, Jozef Karvaš 
264 1 |a Bratislava  |b Vysoká škola ekonomická  |c 1983 
300 |a 129 s. 
100 1 |a Brziaková, Beata 
700 1 |a Füzyová, Ľubica 
700 1 |a Karvaš, Jozef 
710 2 |a Vysoká škola ekonomická v Bratislave. Fakulta ekonomiky a riadenia výrobných odvetví